000 00832nam a2200265Ia 4500
001 67330
003 140463
005 20260225063000.0
008 ||||||n9999 ||| || ||
041 _aspa
100 _aManrique Reyes, Alfredo
_94712
245 0 _aLa ciudad que tenemos no es la ciudad que queremos
_bpronunciamientos de la Veeduria Distrital
260 _aBogotá :
_bLa Veeduria,
_c1996.
300 _a120p
490 _aInstrumentos contra la corrupcion
_v4
562 _e1
650 0 _aAdministración distrital
_912610
650 0 _aANÁLISIS ADMINISTRATIVO
_94467
650 _aCONTROL Y SEGUIMIENTO DE POLITICA
_932088
650 0 _aEvaluación de la gestión
_98963
650 0 _aGESTION PUBLICA--BOGOTA (COLOMBIA)
_98964
651 0 _aBogotá (Colombia)
_920469
942 _cDOC
942 _cDO-GO
999 _c67330
_d67330